01081pab a2200193 454500008004000000100002000040245007500060260000900135300001400144362000900158520048700167650002900654650002000683700002000703773003300723909001000756999001700766952010400783180718b2002 xxu||||| |||| 00| 0 eng d aMackinnon, John aHow research can assist policy: the case of economic reforms in uganda c2002 ap.267-92. aFall aResearch has had a powerful impact on policy in Uganda, affecting the climate of opinion, improving the quality of the policy debate, and helping focus public policy and intervention on poverty reduction. Uganda's successful use of knowledge and research to help set public policy priorities demonstrates that even a poor postconflict country can, in a relatively short period of time, create an effective information base and feedback mechanisms for decision making. - Reproduced. aEconomic reform - Uganda aEconomic reform aReinikka, Ritva aWorld Bank Research Observer a54719 c54719d54719 00104070aIIPAbIIPAd2018-07-19hVolume no: 17, Issue no: 2pAR55164r2018-07-19w2018-07-19yAR